000 00725nam a2200253 a 4500
999 _c12270
_d12270
001 12270
003 BD-JhCC
005 20210920120012.0
008 210920b2006 nyu |||| ||a| 001 0 eng d
020 _a9781565644220
035 _a(BD-JhCC)12270
040 _aBD-JhCC
_dBD-JhCC
041 _aenglish
082 _a340.59
_bASH 2006
100 _aAshur, Muhammad Al-Tahir IBN
245 _aIBN Ashur:
_bTreatise on Maqasid al-Shari'ah /
_cMuhammad Al-Tahir IBN Ashur.
260 _aLondon:
_bThe International Institute of islamic thought;
_c2006.
300 _aix-xvi,489 p. :
_c22 cm.
650 _aIslamic Low
650 _aIslamic Ethics
650 _aMaqaisd (islamic Low)
942 _2ddc
_cBK